00505nam a22001692 4500001001100000005001700011008004100028040001500069100003100084245004900115250001300164260006500177300001200242650003700254651004100291852000300332000001179020151217155847.0090108s xx 000 0 eng d aKABUcKABU1 aCulwick, A. T.@000014874610aBritannia waives the rules /cA. T. Culwick. a1st ed. aPort Elizabeth, South Africa :bNasionale Boekhandel,c1963. a112 p. 0aNationalismzAfrica.@0000167801 0aBritish-AfricaxHistory.@00001678021